LEADER 03903nam 2200661 450 001 9910460811703321 005 20210501005320.0 010 $a3-11-039639-4 010 $a3-11-036999-0 024 7 $a10.1515/9783110369991 035 $a(CKB)3710000000519796 035 $a(EBL)4338445 035 $a(SSID)ssj0001588953 035 $a(PQKBManifestationID)16274735 035 $a(PQKBTitleCode)TC0001588953 035 $a(PQKBWorkID)14871904 035 $a(PQKB)11476378 035 $a(MiAaPQ)EBC4338445 035 $a(DE-B1597)429416 035 $a(OCoLC)930538647 035 $a(DE-B1597)9783110369991 035 $a(Au-PeEL)EBL4338445 035 $a(CaPaEBR)ebr11150252 035 $a(CaONFJC)MIL888827 035 $a(OCoLC)935921633 035 $a(EXLCZ)993710000000519796 100 $a20160210h20162016 uy 0 101 0 $aeng 135 $aur|nu---|u||u 181 $ctxt 182 $cc 183 $acr 200 10$aAccess to scientific research $echallenges facing communications in STM /$fDavid J. Brown 210 1$aBerlin, Germany ;$aBoston, [Massachusetts] :$cDe Gruyter,$d2016. 210 4$dİ2016 215 $a1 online resource (446 p.) 225 1 $aGlobal Studies in Libraries and Information,$x2195-0199 ;$vVolume 2 300 $aDescription based upon print version of record. 311 $a3-11-037518-4 311 $a3-11-037516-8 320 $aIncludes bibliographical references and index. 327 $tFront matter --$tAbout IFLA --$tForeword ? Why This Book? --$tAcknowledgements --$tContents --$tList of Tables --$tList of Figures --$tList of Acronyms and Abbreviations used in the Text --$tChapter 1. Background --$tChapter 2. Definitions --$tChapter 3. Aims, Objectives, and Methodology --$tChapter 4. Setting the Scene --$tChapter 5. Information Society --$tChapter 6. Drivers for Change --$tChapter 7 A Dysfunctional STM Scene? --$tChapter 8. Comments on the Dysfunctionality of STM Publishing --$tChapter 9. The Main Stakeholders --$tChapter 10. Search and Discovery --$tChapter 11. Impact of Google --$tChapter 12. Psychological Issues --$tChapter 13. Users of Research Output --$tChapter 14. Underlying Sociological Developments --$tChapter 15. Social Media and Social Networking --$tChapter 16. Forms of Article Delivery --$tChapter 17. Future Communication Trends --$tChapter 18. Academic Knowledge Workers --$tChapter 19. Unaffiliated Knowledge Workers --$tChapter 20. The Professions --$tChapter 21. Small and Medium Enterprises --$tChapter 22. Citizen Scientists --$tChapter 23. Learned Societies --$tChapter 24. Business Models --$tChapter 25. Open Access --$tChapter 26. Political Initiatives --$tChapter 27. Summary and Conclusions --$tChapter 28. Research Questions Addressed --$tBibliography --$tIndex 330 $aThe debate about access to scientific research raises questions about the current effectiveness of scholarly communication processes. This book explores, from an independent point of view, the current state of the STM publishing market, new publishing technologies and business models as well as the information habit of researchers, the politics of research funders, and the demand for scientific research as a public good. The book also investigates the democratisation of science including how the information needs of knowledge workers outside academia can be embraced in future. 410 0$aGlobal studies in libraries and information ; Volume 2. 606 $aScience publishing 606 $aScholarly publishing 608 $aElectronic books. 615 0$aScience publishing. 615 0$aScholarly publishing. 676 $a070.5 700 $aBrown$b David J.$082949 801 0$bMiAaPQ 801 1$bMiAaPQ 801 2$bMiAaPQ 906 $aBOOK 912 $a9910460811703321 996 $aAccess to scientific research$92484658 997 $aUNINA LEADER 02547nam 2200577Ia 450 001 9910782160203321 005 20230809015540.0 010 $a0-87421-697-4 035 $a(CKB)1000000000536014 035 $a(EBL)335278 035 $a(OCoLC)476147174 035 $a(SSID)ssj0000114812 035 $a(PQKBManifestationID)11139096 035 $a(PQKBTitleCode)TC0000114812 035 $a(PQKBWorkID)10125700 035 $a(PQKB)11525958 035 $a(OCoLC)235484844 035 $a(MdBmJHUP)muse13445 035 $a(Au-PeEL)EBL3442668 035 $a(CaPaEBR)ebr10233575 035 $a(Au-PeEL)EBL335278 035 $a(MiAaPQ)EBC3442668 035 $a(EXLCZ)991000000000536014 100 $a20071214d2006 uy 0 101 0 $aeng 135 $aur|n|---||||| 181 $ctxt 182 $cc 183 $acr 200 10$aBrigham young, the quorum of the Twelve, and the Latter-Day Saint investigation of the Mountain Meadows massacre$b[electronic resource] /$fThomas G. Alexander 210 $aLogan, Utah $cUtah State University Press$dc2006 215 $a1 online resource (49 p.) 225 1 $aArrington lecture series 300 $a"September 21, 2006." 300 $aSponsored by Special Collections & Archives, Merrill Library, Utah State University, Logan, Utah. 311 $a0-87421-687-7 320 $aIncludes bibliographical references. 330 $aOn September 11, 1857, a wagon train of emigrants passing through the Utah Territory on their way to California were massacred at Mountain Meadows. Although today's historians agree that the principal perpetrators were members of the Mormon militia in southern Utah, how much the central Mormon leadership, especially Brigham Young at the top, knew about the massacre, when and how they learned about it, and the extent of a cover up afterward are still matters of controversy and debate.In this 12th volume of the Arrington Lecture Series, Thomas Alexander (Lemuel Redd Professor of 410 0$aLeonard J. Arrington Mormon history lecture series. 606 $aLatter Day Saint churches$xPresidents 607 $aUtah$xHistory 615 0$aLatter Day Saint churches$xPresidents. 676 $a979.2/02 700 $aAlexander$b Thomas G.$f1935-$099662 801 0$bMiAaPQ 801 1$bMiAaPQ 801 2$bMiAaPQ 906 $aBOOK 912 $a9910782160203321 996 $aBrigham young, the quorum of the Twelve, and the Latter-Day Saint investigation of the Mountain Meadows massacre$93700538 997 $aUNINA